BUSINESS MANAGEMENT (Record no. 8847)

MARC details
000 -LEADER
fixed length control field 00501nam a22001697a 4500
003 - CONTROL NUMBER IDENTIFIER
control field SGT
020 ## - INTERNATIONAL STANDARD BOOK NUMBER
International Standard Book Number 9380901291
082 ## - DEWEY DECIMAL CLASSIFICATION NUMBER
Classification number 658, SIN
100 ## - MAIN ENTRY--PERSONAL NAME
Personal name SINGLA,R.K
245 ## - TITLE STATEMENT
Title BUSINESS MANAGEMENT
Remainder of title SEMESTER 1ST & 2ND
250 ## - EDITION STATEMENT
Edition statement 1ST
260 ## - PUBLICATION, DISTRIBUTION, ETC. (IMPRINT)
Place of publication, distribution, etc NEW DELHI
Name of publisher, distributor, etc V K GLOBAL PUBLICATIONS PVT. LTD.
Year of Publication 2013
300 ## - PAGE DESCRIPTION
No. of Pages 194
650 ## - SUBJECT ADDED ENTRY--TOPICAL TERM
Topical term or geographic name as entry element MANAGEMENT
653 ## - KEYWORDS--INDEX TERM
Keyword term BUSINESS AN INTRODUCTION, NATURE OF MANAGEMENT, DEVELOPMENTS OF MANAGEMENT THOUGHT, DECISION MAKING, DEPARTMENTALIZATION,
942 ## - ADDED ENTRY ELEMENTS (KOHA)
Source of classification or shelving scheme Dewey Decimal Classification
Koha item type FCM Books
Holdings
Withdrawn status Lost status Source of classification or shelving scheme Damaged status Not for loan Home library Current library Shelving location Date acquired Vendor Name Cost, normal purchase price SGTU Total Checkouts Total Renewals Full call number Accession No. (Barcode) Date last seen Date last borrowed Bill Date Koha item type
    Dewey Decimal Classification     SGT Science & Social Sciences Library SGT Science & Social Sciences Library On Display 31/05/2016 GIFT 300.00 SGTU 19 1 658, SIN CM267 28/06/2021 09/04/2021 31/05/2016 FCM Books